| 000 | 00870nac a22002411u 4500 | ||
|---|---|---|---|
| 010 | _a 2001133355 | ||
| 020 | _a0618219994 | ||
| 082 | 0 | 0 |
_a616.89 _bSUE |
| 090 |
_c5911 _d5911 |
||
| 100 | _aSue, David. | ||
| 245 | 1 | 0 |
_aUnderstanding abnormal behavior / _cDavid Sue, Derald Wing Sue, Stanley Sue. |
| 250 | _a7th ed. | ||
| 260 |
_aBoston : _bHoughton Mifflin,c2003. _cc2003. |
||
| 300 |
_axix, 613, [99] p. : _bill. (chiefly col.) ; _c29 cm. + _e1 CD-ROM (4 3/4 in.) |
||
| 500 | _aDistributer : Al-Ahram. | ||
| 504 | _aIncludes bibliographical references and indexes. | ||
| 511 | _aCatalogued By : Mahitab. | ||
| 538 | _aMinimum system requirements: Windows or Macintosh; CD-ROM drive. | ||
| 650 | 0 | _aPsychology, Pathological. | |
| 700 | 1 | _aSue, Derald Wing. | |
| 700 | 1 | _aSue, Stanley. | |
| 942 |
_cBB _k616.89SUE |
||
| 999 |
_c5911 _d5911 |
||